| 000 | 00844cab a2200193 4500 | ||
|---|---|---|---|
| 001 | ABS40835 | ||
| 008 | 090401t1989 xxu||||| |||| 00| 0 eng d | ||
| 035 | _a(Sirsi) u26256 | ||
| 041 | _aeng | ||
| 100 | _aStocks, N. | ||
| 245 | 4 | _aThe Greater Manchester shopping inquiry | |
| 260 | _c1989 | ||
| 350 | _a0 | ||
| 490 |
_aLand Development Studies _v6(1) 1989, 57-83(27) |
||
| 520 | _aCase study examining the backgound to and issues debated at the Greater Manchester Shopping Inquiry which ran from July 1987 to February 1988. The case study is an example of strategic retail planning in a multi-centred conurbation. Having reported the results of the Inquiry the author calls for a change in the approach to calculating shopping floorspace demand and impact. | ||
| 690 | _aPLANNING LAW AND PRACTICE | ||
| 942 | _n0 | ||
| 948 | _c04/03/1997 | ||
| 999 |
_c17630 _d17630 |
||